000 00383nam a22001457a 4500
020 _a9789350042397
082 _222
_a005.1
100 _aCollins, Charle ...[et al.].
245 _aAndroid in practice /
260 _aNew Delhi,
_bDreamtch,
_cc2012.
300 _axxii, 623p. ;
_bill. ;
_c24 cm.
700 _aGalpin, Michael D
700 _aand Kappler Mattjias.
942 _2ddc
_cCIVIL
999 _c1237
_d1237